Competing on analytics : (Registro nro. 10674)

Detalles MARC
000 -LIDER
fixed length control field 01336nam a22002777a 4500
001 - NÚMERO DE CONTROL
Identificador de número de control 000349
003 - IDENTIFICACDOR DE NÚMERO DE CONTROL
control field DO-SdBNP
005 - DATE AND TIME OF LATEST TRANSACTION
control field 20171110132801.0
007 - CAMPOS FIJOS DE DESCRIPCIÓN FÍSICA
fixed length control field 000349
008 - ELEMENTOS DE LONGITUD FIJA
fixed length control field 160705b 2007 nyu xxu||||| |||| 00| 0 spa d
020 ## - ISBN
International Standard Book Number 9781422103326
040 ## - FUENTE DE CATALOGACIÓN
Agencia que crea de manera original el registro BPMSU
Idioma de catalogación spa
Agencia que realiza la transcripción BPMSU
082 #4 - NÚMERO DE CLASIFICACIÓN DECIMAL DE DEWEY
Classification number 658.4013
Item number D247c
100 1# - ASIENTO PRINCIPAL -- NOMBRE PERSONAL
Nombre personal Davenport, Thomas H.
245 10 - MENCIÓN DE TITULO
Título Competing on analytics :
Subtítulo the new science of winning /
Mención de responsabilidad Thomas H. Davenport and Jeanne G. Harris.
260 0# - PUBLICACIÓN, DISTRIBUCIÓN, ETC. (PIE DE IMPRENTA)
Lugar de publicación, distribución, etc Boston, Massachusetts :
Nombre del editor, distribuidor, etc. Harvard Business School Press,
Fecha de publicación, distribución, etc 2007.
300 ## - DESCRIPCIÓN FÍSICA
Extensión xv, 218 p. :
Otros detalles físicos il. ;
Dimensiones 25 cm.
505 0# - NOTA DE CONTENIDO
Título Foreword / by Gary Loveman --
-- The nature of analytical competition --
-- What makes an analytical competitor? --
-- Analytics and business performance --
-- Competing on analytics with internal processes --
-- Competing on analytics with external processes --
-- Building an analytical capability --
-- A roadmap to enhanced analytical capabilities --
-- Managing analytical people --
-- The architecture of business intelligence --
-- The future of analytical competition.
650 #4 - ENCABEZAMIENTO DE MATERIA--TEMÁTICO
Término temático o nombre geográfico como elemento de entrada MATEMÁTICAS FINANCIERAS
650 #4 - ENCABEZAMIENTO DE MATERIA--TEMÁTICO
Término temático o nombre geográfico como elemento de entrada ESPIONAJE EN LOS NEGÓCIOS
700 12 - ASIENTO SECUNDARIO -- NOMBRE PERSONAL
Nombre personal Harris, Jeanne G.
910 ## - VALIDACIÓN
Validación Validado. Control de calidad MFF
942 ## - ADDED ENTRY ELEMENTS (KOHA)
Source of classification or shelving scheme Dewey Decimal Classification
Koha item type Libros
945 ## - INFORMACIÓN DE PROCESAMIENTO LOCAL
Información de procesamiento local Inventariado, 2017/MFF
956 ## - LOCAL ELECTRONIC LOCATION AND ACCESS (OCLC)
Método de acceso LOPEREZ
Materiales especificados 10
Enlace 20160705
Campo enlazado y núm. de secuencia BPMSU
Nombre de host 00041
Existencias
Withdrawn status Lost status Source of classification or shelving scheme Damaged status Not for loan Collection code Home library Current library Date acquired Source of acquisition Total Checkouts Full call number Barcode Date last seen Price effective from Koha item type
    Dewey Decimal Classification     Colección General Biblioteca Pública Metropolitana Salomé Ureña Biblioteca Pública Metropolitana Salomé Ureña 07/05/2016 Roberto Antonio Férnandez   658.4013 D247c BPMSU16070056 07/05/2016 07/05/2016 Libros